000 01809nam0a2200349 4500
001 RU\NLR\BIBL_A\022335310
005 20260420015019.0
010 _a978-5-9906765-1-0
_950
021 _aRU
_bАЛ-П-24-00693и
_9АЛ-П-24-0147
035 _a(NLR Aleph) 022335310
090 _a13665770
_c13665770
100 _a20240927d2023 u y0rusy50 ca
101 0 _arus
102 _aRU
105 _aac z 000yy
181 0 _ab3
_bxb2e
181 0 _ai1
_baxxe
182 0 _an
200 1 _aЖивопись. Графика
_e[альбом]
_fГеоргий Есаулов
_g[авт. вступ. ст.: Д. О. Швидковский, В. Б. Кошаев]
203 _aИзображение
_aТекст
_bвизуальные
_cнепосредственные
210 _aМосква
_c[б. и.]
_d2023
_gотпечатано в типографии МАРХИ
215 _a159 с.
_cил., цв. ил., портр.
_d30
300 _aНа 4-й с. обл. авт.: Г. В. Есаулов, акад. Рос. акад. архитектуры и строит. наук, заслуж. архитектор Рос. Федерации, д-р архитектуры, проф.
600 1 _aЕсаулов
_bГ. В.
_gГеоргий Васильевич
_f1953
_jАльбомы
_2nlr_sh2
_3RU\NLR\AUTH\6601747607
686 1 _aЩ143(2Р=Рус)7-8Есаулов я61
686 1 _aЩ153(2Р=Рус)7-8Есаулов я61
700 1 _7ca
_8rus
_aЕсаулов
_bГ. В.
_cд-р архитектуры
_f1953-
_gГеоргий Васильевич
_9153921
_3RU\NLR\AUTH\770153959
702 1 _4080
_7ca
_8rus
_aШвидковский
_bД. О.
_f1959-
_gДмитрий Олегович
_9197790
_3RU\NLR\AUTH\770197841
942 _cBOOK
980 _aNB